00438nam a2200121 a 450000500170000000800410001705000180005810000300007624500510010626000420015799900190019995200980021820140414131857.0100827s19uu xx 00 eng d aFILbAm6 1999 aTobias, Mary Ann Manalang aAmor :bor, the bat who taught she was an owl. aManila, Philippines :bAdarna,c1999. c110501d110501 001040aMUbMUcFILd2010-08-27l0oFIL Am6 1999pM0919r2014-04-14 00:00:00w2014-04-14yBK